Master strokes. (Record no. 19402)

000 -LEADER
fixed length control field 01177cam a2200301 a 4500
001 - CONTROL NUMBER
control field 4982198
005 - DATE AND TIME OF LATEST TRANSACTION
control field 20170116121731.0
008 - FIXED-LENGTH DATA ELEMENTS--GENERAL INFORMATION
fixed length control field 981016s1999 nyua 001 0 eng
010 ## - LIBRARY OF CONGRESS CONTROL NUMBER
LC control number 98046792
020 ## - INTERNATIONAL STANDARD BOOK NUMBER
International Standard Book Number 080692425X
050 00 - LIBRARY OF CONGRESS CALL NUMBER
Classification number NC880 .H354 1999
100 1# - MAIN ENTRY--PERSONAL NAME
Personal name Harrison, Hazel.
245 10 - TITLE STATEMENT
Title Master strokes.
Name of part/section of a work Pastel :
Remainder of title a step-by-step guide to learning from the masters /
Statement of responsibility, etc. Hazel Harrison.
246 30 - VARYING FORM OF TITLE
Title proper/short title Pastel
260 ## - PUBLICATION, DISTRIBUTION, ETC. (IMPRINT)
Place of publication, distribution, etc. New York :
Name of publisher, distributor, etc. Sterling Pub. Co.,
Date of publication, distribution, etc. 1999.
300 ## - PHYSICAL DESCRIPTION
Extent 96 p. :
Other physical details col. ill. ;
Dimensions 31 cm.
500 ## - GENERAL NOTE
General note "A Sterling/Silver book."
500 ## - GENERAL NOTE
General note Includes index.
650 #0 - SUBJECT ADDED ENTRY--TOPICAL TERM
Topical term or geographic name as entry element Pastel drawing
General subdivision Technique.
942 ## - ADDED ENTRY ELEMENTS (KOHA)
Source of classification or shelving scheme
Koha item type Hard Covered Materials
Classification part NC880 .H354 1999
Holdings
Withdrawn status Lost status Source of classification or shelving scheme Damaged status Not for loan Home library Current library Shelving location Date acquired Source of acquisition Total Checkouts Full call number Barcode Date last seen Price effective from Koha item type
          MACHAKOS UNIVERSITY LIBRARY MACHAKOS UNIVERSITY LIBRARY Technical section 16/01/2017 Donation(BFA)   NC880 .H354 1999 29599 08/06/2018 16/01/2017 Hard Covered Materials
© Machakos University Library, Along The Highway, Machakos Wote Rd, Machakos, Kenya P.O. Box 136 - 90100 Machakos - Kenya

Tel: ( +254 ) 723 805829 OR Fax : 044-20353 OR Email: library@mksu.ac.ke